|
|
|
|
| LEADER |
00000nab a2200000 4500 |
| 001 |
vtls012053930 |
| 003 |
SK-MaSNL |
| 005 |
20260426070902.0 |
| 008 |
210513|2020 xo |||| ||n ||00 0|slo |
| 015 |
|
|
|a SNBRB2021/03
|
| 040 |
|
|
|a SPKCL
|b slo
|e rda
|
| 041 |
|
|
|a slo
|b slo
|
| 043 |
|
|
|a e-xo- - -
|
| 044 |
|
|
|a xo
|c SK
|
| 072 |
|
7 |
|a 027
|x Univerzálne knižnice. Verejné knižnice
|2 konspekt
|
| 080 |
|
|
|a 027:692.65
|2 2011
|
| 100 |
1 |
|
|a Martinická, Alžbeta,
|d 1968-
|4 aut
|9 106014
|
| 245 |
1 |
0 |
|a Bezbariérovosť v Slovenskej národnej knižnici v Martine :
|b malá zmena správnym smerom
|c Alžbeta Martinická
|
| 300 |
|
|
|b Fotografie
|
| 336 |
|
|
|a text
|b txt
|2 rdacontent
|
| 337 |
|
|
|a bez média
|b n
|2 rdamedia
|
| 338 |
|
|
|a zväzok
|b nc
|2 rdacarrier
|
| 504 |
|
|
|a Obsahuje bibliografiu
|
| 610 |
2 |
7 |
|a Slovenská národná knižnica
|2 SNKPH
|9 30663
|
| 650 |
0 |
7 |
|a bezbariérový prístup
|2 SNKPH
|9 102489
|
| 650 |
0 |
7 |
|a národné knižnice
|2 SNKPH
|9 66320
|
| 651 |
|
7 |
|a Slovensko
|2 SNKPHgeo
|9 14231
|
| 773 |
0 |
|
|t Knižnica (online)
|g Roč. XXII, č. 1 (2021), s. 39-42
|x 1336-0965
|
| 856 |
4 |
1 |
|u http://194.160.178.64/sk/obchod/edicna-cinnost/casopis-kniznica/archiv-kniznica.html
|
| 958 |
|
|
|a NB
|
| 999 |
|
|
|c 2672221
|d 2674151
|